1146 1925 1717 1362 1653 1878 1376 1372 1440 1325 1614 1245 1652 1141 1145 1033 1050 1416 1452 1819 1424 1306 1090 1609 2000 1762 1777 1658 1083 1272 1464 1520 1264 1281 1714 1821 1797 1939 1806 1417 1481 1419 1186 1686 1876 1498 1264 1855 1955 1244 1235 1807 1192 1919 1291 1804 1515 1029 1299 1972 1674 1514 1488 1466 1504 1110 1775 1772 1662 1964 1027 1725 1990 1244 1471 1462 1685 1082 1345 1615 1257 1590 1643 1998 1052 1257 1729 1622 1737 1005 1081 1352 1445 1939 1983 1641 1280 1271 1593 BCNSPRNW ULIB Ver.6.0+V

เปลี่ยนเป็นภาษาไทย

Change to English
 แสดงรายละเอียดบรรณานุกรม
  กลับหน้าหลัก

Brief Record : Get Marc (ISO 2709) : E-mail record : QR code < ปิดหน้าต่าง
LEADER : 00000nam 2200000uu 4500
001    13399124086
003     ULIB
008    150112s2557||||th 000 0 tha d
020    ^a9786165518659
060  4 ^aWM274^bน567ท
100 0  ^aนพพล วิทย์วรพงศ์
245 10 ^aทศวรรษศูนย์วิจัยปัญหาสุรา:สถานะความรู้เพื่อการควบคุมการบริโภคเครื่องแอลกอฮอล์ /^cนพพล วิทย์วรพงศ์...[และคนอื่นๆ]
250    ^aพิมพ์ครั้งที่ 1.
260    ^aกรุงเทพฯ :^bโรงพิมพ์เดือนตุลา,^c2557
300    ^a368 หน้า :^bภาพประกอบ
650  4 ^aคนดื่มสุรา^xการวินิจฉัย
650  4 ^aพิษสุรา^xการวินิจฉัย
650  0 ^aสุรา^xวิจัย
710 2  ^aสำนักงานกองทุนสนับสนุนการสร้างเสริมสุขภาพ
945    ^p0^l0^i038188
945    ^p0^l0^i038189
999    ^aเกษร โพธิ์สุวรรณ
รายการนี้ยังไม่มีแท็ก
คุณยังไม่ได้ล็อกอิน คุณสามารถมีกิจกรรมร่วมกับเว็บไซต์ได้ แต่ต้องล็อกอินก่อน ::
  ล็อกอิน

รายการสื่อสารสนเทศ

ลำดับที่ ประเภท เลขเรียก/บาร์โค้ด สถานที่ สถานะ
1. วิทยาศาสตร์การแพทย์ และสุขภาพ
วิทยาศาสตร์การแพทย์ และสุขภาพ
สถานะ=หนังสือเก่า
WM274 น567ท ฉ.1 
  Barcode: 038188
ห้องสมุดวิทยาเขตสวรรค์ประชารักษ์
►ส่วนจัดเก็บหนังสือเก่า สปร
บนชั้น
  ขอยืม
2. วิทยาศาสตร์การแพทย์ และสุขภาพ
วิทยาศาสตร์การแพทย์ และสุขภาพ
สถานะ=หนังสือเก่า
WM274 น567ท ฉ.2 
  Barcode: 038189
ห้องสมุดวิทยาเขตสวรรค์ประชารักษ์
►ส่วนจัดเก็บหนังสือเก่า สปร
บนชั้น
  ขอยืม

รายการใกล้เคียง
    ผู้แต่ง [นพพล วิทย์วรพงศ์]

BibComment


ยังไม่เคยถูกคอมเมนท์

คอมเมนท์ทรัพยากรรายการนี้
  คอมเมนท์: ทศวรรษศูนย์วิจัย..


 Copyright 2026. Bcnsprnw @Library